[Event "4NCL Online Division 4"]
[Site "online"]
[Date "2020.04.28"]
[Round "4.161"]
[White "Shearsby, Jude"]
[Black "Herman, Thomas"]
[Result "1/2-1/2"]
[WhiteElo "1847"]
[BlackElo "1802"]
[PlyCount "85"]
[EventDate "2020.04.28"]
[WhiteTeam "Warwickshire Bears A"]
[BlackTeam "Dorking"]

1. d4 d5 2. Bf4 Nf6 3. e3 c5 4. Nf3 Nc6 5. Nc3 Bf5 6. Bd3 e6 7. Bxf5 exf5 8.
Ne5 cxd4 9. exd4 Bb4 10. O-O O-O 11. Nb1 Ne4 12. c3 Be7 13. f3 Nf6 14. Re1 Nh5
15. Bd2 f4 16. Qc1 g5 17. Qc2 Bf6 18. Qf5 Qc8 19. Qxc8 Raxc8 20. Na3 a6 21. Kf2
Rfe8 22. Ng4 Bg7 23. Rxe8+ Rxe8 24. Re1 Rxe1 25. Kxe1 f5 26. Nf2 Nf6 27. Nd3
Nd7 28. Nc2 Kf7 29. Kf2 Ke6 30. h4 h6 31. hxg5 hxg5 32. b4 b5 33. Nb2 Nb6 34.
Ke2 Bf8 35. Kd3 Bd6 36. Ne1 Ne7 37. Kc2 Nc6 38. Kb3 Nc4 39. Nxc4 dxc4+ 40. Kc2
Ne7 41. Kd1 Nd5 42. Ke2 Bc7 43. Nc2 1/2-1/2

[Event "4NCL Online Division 4"]
[Site "online"]
[Date "2020.04.28"]
[Round "4.162"]
[White "Collins, Anthony S"]
[Black "Dicen, Imogen"]
[Result "0-1"]
[WhiteElo "1716"]
[BlackElo "1847"]
[PlyCount "62"]
[EventDate "2020.04.28"]
[WhiteTeam "Dorking"]
[BlackTeam "Warwickshire Bears A"]

1. e4 c5 2. Nf3 Nc6 3. d4 cxd4 4. Nxd4 d6 5. c4 Nf6 6. Nc3 Bd7 7. Be2 g6 8. O-O
Bg7 9. Be3 O-O 10. h3 a6 11. a4 Nxd4 12. Bxd4 e5 13. Be3 Qe7 14. Nd5 Nxd5 15.
exd5 f5 16. f4 Rae8 17. Re1 Bc8 18. Rb1 Qh4 19. Qd2 exf4 20. Bxf4 Re4 21. Bg5
Bd4+ 22. Qxd4 Qxe1+ 23. Rxe1 Rxd4 24. Be7 Re8 25. Bxd6 Rd2 26. Kf1 Rxb2 27. Bc7
Kf7 28. c5 Bd7 29. a5 Rexe2 30. c6 Rxe1+ 31. Kxe1 bxc6 0-1

[Event "4NCL Online Division 4"]
[Site "online"]
[Date "2020.04.28"]
[Round "4.163"]
[White "Sandhu, Manvith"]
[Black "Davies, Will"]
[Result "1-0"]
[WhiteElo "1885"]
[BlackElo "1547"]
[PlyCount "35"]
[EventDate "2020.04.28"]
[WhiteTeam "Warwickshire Bears A"]
[BlackTeam "Dorking"]

1. e4 c5 2. Nf3 d6 3. d4 cxd4 4. Qxd4 Nc6 5. Bb5 Bd7 6. Bxc6 bxc6 7. Nc3 Qa5 8.
O-O c5 9. Qd3 e6 10. Bf4 Qb6 11. Rfd1 e5 12. Nxe5 Be6 13. Nc4 Bxc4 14. Qxc4 Nf6
15. e5 dxe5 16. Qa4+ Ke7 17. Bxe5 Rd8 18. Bxf6+ 1-0

[Event "4NCL Online Division 4"]
[Site "online"]
[Date "2020.04.28"]
[Round "4.164"]
[White "Sedgwick, Robert"]
[Black "Pal, Rohan"]
[Result "0-1"]
[WhiteElo "1502"]
[BlackElo "1832"]
[PlyCount "96"]
[EventDate "2020.04.28"]
[WhiteTeam "Dorking"]
[BlackTeam "Warwickshire Bears A"]

1. e4 e5 2. Nf3 Nc6 3. d4 exd4 4. Nxd4 Nf6 5. Nc3 Bb4 6. Nxc6 bxc6 7. Bd2 O-O
8. Bd3 d5 9. e5 Ng4 10. f4 f6 11. h3 Nh6 12. Qh5 Qe8 13. Qe2 Nf5 14. Bxf5 Bxf5
15. O-O-O fxe5 16. Qxe5 Qxe5 17. fxe5 Rae8 18. a3 Ba5 19. b4 Bb6 20. Rde1 Bf2
21. Ref1 Bg3 22. Bf4 Bxf4+ 23. Rxf4 Rxe5 24. Rhf1 Rf6 25. g4 Bg6 26. Rxf6 gxf6
27. Rxf6 d4 28. Na4 Re3 29. Nc5 Bf7 30. Rxc6 Rc3 31. Rxc7 d3 32. Rd7 dxc2 33.
Rxa7 Bg6 34. Re7 Rxa3 35. Ne4 Kf8 36. Re5 Re3 37. Kxc2 Bxe4+ 38. Kd2 Rd3+ 39.
Ke2 Bg6 40. Rb5 Rxh3 41. Rb8+ Kg7 42. b5 Rg3 43. b6 Rxg4 44. Rc8 Rb4 45. Rc7+
Kh6 46. Rc6 Kg5 47. Kf3 Be4+ 48. Ke3 Bxc6 0-1

[Event "4NCL Online Division 4"]
[Site "online"]
[Date "2020.05.05"]
[Round "5.11"]
[White "Ibbitson, Anthony"]
[Black "Jenkins, John"]
[Result "0-1"]
[WhiteElo "1735"]
[BlackElo "2065"]
[PlyCount "75"]
[EventDate "2020.05.05"]
[WhiteTeam "Bradford DCA Knights B"]
[BlackTeam "Stroud The Old"]

1. e4 c5 2. Nc3 g6 3. d3 Bg7 4. f4 d6 5. g3 Nc6 6. Bg2 e6 7. Nf3 Nge7 8. O-O
O-O 9. Be3 b6 10. Rb1 Bb7 11. Ne2 d5 12. e5 d4 13. Bf2 Qc7 14. Ng5 Rad8 15. Ne4
Nd5 16. h4 Nce7 17. g4 f5 18. gxf5 Nxf5 19. h5 Nde3 20. Bxe3 Nxe3 21. Qd2 Nxg2
22. Kxg2 g5 23. N2g3 gxf4 24. Rxf4 Bxe5 25. Rg4+ Kh8 26. Kh3 Bf4 27. Qg2 e5 28.
Kh2 Rg8 29. Rxg8+ Rxg8 30. Qf2 Bxe4 31. dxe4 Bxg3+ 32. Qxg3 Rxg3 33. Kxg3 Qg7+
34. Kh3 Qg5 35. Rf1 Qxh5+ 36. Kg3 Qg5+ 37. Kh3 Qe3+ 38. Kh2 0-1

[Event "4NCL Online Division 4"]
[Site "online"]
[Date "2020.05.05"]
[Round "5.12"]
[White "Brown, Graham K"]
[Black "Tait, Bill"]
[Result "0-1"]
[WhiteElo "1757"]
[BlackElo "1640"]
[PlyCount "106"]
[EventDate "2020.05.05"]
[WhiteTeam "Stroud The Old"]
[BlackTeam "Bradford DCA Knights B"]

1. e4 d5 2. exd5 Nf6 3. Nc3 Nxd5 4. Nxd5 Qxd5 5. Nf3 Bf5 6. Be2 e5 7. d3 Nc6 8.
O-O Be7 9. Bd2 O-O 10. Bc3 Bf6 11. a3 Rad8 12. Rb1 Rfe8 13. Re1 Qe6 14. Qc1 Bg6
15. Bd2 h6 16. Be3 Ne7 17. b3 Nd5 18. Bd2 Qd7 19. a4 c5 20. Kh1 b6 21. Ng1 e4
22. dxe4 Bxe4 23. Bb5 Qf5 24. f3 Bxc2 25. Rxe8+ Rxe8 26. Bxe8 Bxb1 27. Qc4 Bd3
28. Qc1 Qe6 29. Bb5 Bxb5 30. axb5 Bd4 31. Nh3 Qe8 32. Nf4 Nxf4 33. Bxf4 Qxb5
34. Qd1 g5 35. Bb8 a6 36. h3 Qe8 37. Bc7 Qc6 38. Bg3 Qe6 39. b4 Qc4 40. bxc5
Qxc5 41. Qe1 Be3 42. Kh2 f5 43. h4 f4 44. hxg5 fxg3+ 45. Kxg3 Bxg5 46. Qe8+ Kg7
47. Qd7+ Be7 48. f4 h5 49. f5 Qe3+ 50. Kh2 Qe5+ 51. Kh1 Kf6 52. Qc6+ Bd6 53.
Qxb6 Qe1+ 0-1

[Event "4NCL Online Division 4"]
[Site "online"]
[Date "2020.05.05"]
[Round "5.13"]
[White "Gallagher, Dominic"]
[Black "Walker, Adrian"]
[Result "1/2-1/2"]
[WhiteElo "1570"]
[BlackElo "1750"]
[PlyCount "71"]
[EventDate "2020.05.05"]
[WhiteTeam "Bradford DCA Knights B"]
[BlackTeam "Stroud The Old"]

1. d4 Nf6 2. Bf4 d5 3. e3 e6 4. c3 c5 5. Nd2 Nc6 6. Ngf3 Bd6 7. Bg3 O-O 8. Bd3
Re8 9. Ne5 Bxe5 10. dxe5 Nd7 11. Nf3 c4 12. Bc2 Qb6 13. Rb1 Nf8 14. h4 Ng6 15.
Ng5 Rf8 16. Qh5 h6 17. Bxg6 fxg6 18. Qxg6 hxg5 19. hxg5 Ne7 20. Qh7+ Kf7 21.
g6+ Nxg6 22. Qh5 Rh8 23. Qf3+ Ke8 24. Rxh8+ Nxh8 25. Qh5+ Nf7 26. Qh7 Kf8 27.
Kd2 Bd7 28. Bh4 Rc8 29. g4 g5 30. Bxg5 Nxg5 31. Qh6+ Kf7 32. Qf6+ Ke8 33. Qxg5
Ba4 34. Qg6+ Kd7 35. Qf7+ Kd8 36. Qf8+ 1/2-1/2

[Event "4NCL Online Division 4"]
[Site "online"]
[Date "2020.05.05"]
[Round "5.14"]
[White "Reekie-Black, Matthew"]
[Black "Waite, Nicholas"]
[Result "0-1"]
[WhiteElo "1615"]
[BlackElo "1412"]
[PlyCount "34"]
[EventDate "2020.05.05"]
[WhiteTeam "Stroud The Old"]
[BlackTeam "Bradford DCA Knights B"]

1. e4 d6 2. d4 Nf6 3. Nc3 Nbd7 4. Bc4 e5 5. Nf3 Be7 6. O-O c6 7. a4 Qc7 8. b3
h6 9. Bb2 O-O 10. d5 Re8 11. h3 Bf8 12. Nh2 Be7 13. f3 Nh5 14. Qe1 Nf8 15. Be2
Ng6 16. Bc1 Bh4 17. Qd1 Qb6+ 0-1

[Event "4NCL Online Division 4"]
[Site "online"]
[Date "2020.05.05"]
[Round "5.21"]
[White "Tomlinson, Zak"]
[Black "Skulte, Christopher"]
[Result "0-1"]
[WhiteElo "1802"]
[BlackElo "2177"]
[PlyCount "42"]
[EventDate "2020.05.05"]
[WhiteTeam "Chessmates"]
[BlackTeam "Celtic Tigers Cubs"]

1. e4 c5 2. Nf3 e6 3. d4 cxd4 4. Nxd4 Nf6 5. Nc3 Nc6 6. Be3 d5 7. Bb5 Bd7 8.
exd5 Nxd5 9. Nxd5 exd5 10. O-O Bd6 11. Nf3 Bg4 12. h3 Bh5 13. c4 dxc4 14. Bxc4
O-O 15. Be2 Qf6 16. Qb3 Rfe8 17. Rac1 Ne5 18. Nxe5 Bxe2 19. Nd7 Qg6 20. Rfe1
Bf3 21. g3 Bxg3 0-1

[Event "4NCL Online Division 4"]
[Site "online"]
[Date "2020.05.05"]
[Round "5.22"]
[White "Kitchen, Peter J"]
[Black "Fisher, Neal"]
[Result "1/2-1/2"]
[WhiteElo "1862"]
[BlackElo "1720"]
[PlyCount "42"]
[EventDate "2020.05.05"]
[WhiteTeam "Celtic Tigers Cubs"]
[BlackTeam "Chessmates"]

1. Nf3 Nf6 2. d4 d5 3. c4 c6 4. Qc2 g6 5. Bf4 Bg7 6. e3 O-O 7. h3 Re8 8. Nc3
Nbd7 9. Be2 Nf8 10. O-O Ne6 11. Be5 a6 12. Bxf6 Bxf6 13. cxd5 cxd5 14. Qb3 Nc7
15. Rfd1 e6 16. Na4 b5 17. Nc5 Re7 18. Rac1 Ne8 19. a4 Nd6 20. Qa2 b4 21. b3 a5
1/2-1/2

[Event "4NCL Online Division 4"]
[Site "online"]
[Date "2020.05.05"]
[Round "5.23"]
[White "Webster, Vivien"]
[Black "White, John"]
[Result "1/2-1/2"]
[WhiteElo "1720"]
[BlackElo "1817"]
[PlyCount "116"]
[EventDate "2020.05.05"]
[WhiteTeam "Chessmates"]
[BlackTeam "Celtic Tigers Cubs"]

1. e4 c5 2. Bc4 e6 3. a3 a6 4. Ne2 d6 5. O-O Nd7 6. Nbc3 Qc7 7. Ng3 Ngf6 8. d3
Be7 9. Be3 O-O 10. Qd2 Re8 11. Nce2 b5 12. Ba2 d5 13. exd5 exd5 14. Rac1 Bb7
15. d4 c4 16. c3 Bd6 17. Bf4 Bxf4 18. Nxf4 Ne4 19. Nxe4 Rxe4 20. Nh5 Rh4 21.
Ng3 Nf6 22. Bb1 Ne4 23. Bxe4 dxe4 24. Qg5 Qf4 25. Qxf4 Rxf4 26. Rce1 Re8 27.
Re3 g6 28. Ne2 Rf6 29. f3 Rfe6 30. fxe4 Rxe4 31. Rxe4 Rxe4 32. Ng3 Re6 33. Rd1
Bd5 34. Rd2 f5 35. Re2 Kf7 36. Rxe6 Kxe6 37. Kf2 f4 38. Ne2 Kf5 39. g3 g5 40.
gxf4 gxf4 41. Ng1 Kg4 42. h3+ Kf5 43. Ne2 h5 44. Ng1 Ke4 45. Nf3 Kd3 46. Ng1
Kc2 47. Ne2 Kxb2 48. Nxf4 Kxc3 49. Nxd5+ Kxd4 50. Nf4 c3 51. Ke1 a5 52. Nxh5 b4
53. axb4 axb4 54. Ng3 b3 55. Kd1 Kd3 56. Kc1 Ke3 57. Nf1+ Kf4 58. h4 Kf5
1/2-1/2

[Event "4NCL Online Division 4"]
[Site "online"]
[Date "2020.05.05"]
[Round "5.24"]
[White "Hoong, Jonathan"]
[Black "Harris, John"]
[Result "1/2-1/2"]
[WhiteElo "1750"]
[BlackElo "1712"]
[PlyCount "223"]
[EventDate "2020.05.05"]
[WhiteTeam "Celtic Tigers Cubs"]
[BlackTeam "Chessmates"]

1. e4 d6 2. d4 Nf6 3. Nc3 e5 4. dxe5 dxe5 5. Qxd8+ Kxd8 6. Nf3 Bd6 7. h3 c6 8.
Bc4 Ke7 9. Be3 Nbd7 10. O-O h6 11. Rfd1 Bc7 12. Nh4 g6 13. Nf3 Bb6 14. Bxb6
axb6 15. a4 Ne8 16. Ba2 Nd6 17. Rd2 b5 18. axb5 Nxb5 19. Nxb5 cxb5 20. Rdd1 Re8
21. Bd5 Rxa1 22. Rxa1 Nb6 23. Nxe5 Nxd5 24. exd5 Bf5 25. Ra7 Kd6 26. Nxf7+ Kxd5
27. Nxh6 Bxc2 28. Rxb7 Kc6 29. Rg7 Re1+ 30. Kh2 Rb1 31. Ng4 Rxb2 32. Ne5+ Kd6
33. Nxg6 b4 34. Nf4 Ke5 35. Ne2 Bd3 36. Nc1 Be4 37. f3 Kf6 38. Rg4 Bf5 39. Rd4
Rb1 40. h4 Rxc1 41. Rxb4 Rc2 42. Kg3 Kg6 43. Kf4 Bd3 44. Rb6+ Kg7 45. g4 Rc7
46. h5 Bc2 47. Kg5 Rc5+ 48. Kh4 Bd1 49. h6+ Kh7 50. g5 Bxf3 51. Rf6 Rc4+ 52.
Kg3 Bh5 53. Kh3 Bg6 54. Rb6 Bf5+ 55. Kh2 Rh4+ 56. Kg3 Rg4+ 57. Kf3 Rxg5 58. Kf4
Rh5 59. Rb5 Kg6 60. Rb6+ Kf7 61. Rb5 Kf6 62. Rb6+ Be6 63. Ke3 Rxh6 64. Rb4 Rh3+
65. Kd2 Ke5 66. Ke2 Bd5 67. Kd2 Kd6 68. Ke2 Kc5 69. Rf4 Rg3 70. Kf2 Ra3 71. Ke2
Bc4+ 72. Kf2 Kd5 73. Rf3 Bd3 74. Kg3 Ke5 75. Re3+ Kd4 76. Kf4 Ra4 77. Re7 Kd5+
78. Ke3 Kd6 79. Rg7 Bf5 80. Kf2 Ra3 81. Rg3 Ra2+ 82. Ke3 Ke5 83. Rg7 Ra3+ 84.
Kd2 Be4 85. Ke2 Kf4 86. Rf7+ Bf5 87. Kd2 Rd3+ 88. Ke2 Rd4 89. Rf8 Re4+ 90. Kd2
Rc4 91. Ke2 Rc2+ 92. Kd1 Rh2 93. Ke1 Ra2 94. Kd1 Ke5 95. Re8+ Kd4 96. Rd8+ Kc3
97. Ke1 Bd3 98. Rc8+ Bc4 99. Re8 Rg2 100. Re3+ Bd3 101. Re7 Rh2 102. Re8 Bc4
103. Re3+ Bd3 104. Re7 Kd4 105. Rd7+ Ke3 106. Re7+ Be4 107. Rf7 Rd2 108. Rc7
Rb2 109. Rd7 Rg2 110. Rf7 Rg1+ 111. Rf1 Rxf1+ 112. Kxf1 1/2-1/2

[Event "4NCL Online Division 4"]
[Site "online"]
[Date "2020.05.05"]
[Round "5.31"]
[White "Bellingham, Andy"]
[Black "Putar, Leon"]
[Result "0-1"]
[WhiteElo "1885"]
[BlackElo "1868"]
[PlyCount "62"]
[EventDate "2020.05.05"]
[WhiteTeam "Clevedon"]
[BlackTeam "St Benildus B"]

1. e4 e6 2. d4 d5 3. e5 c5 4. c3 Nc6 5. Nf3 Qb6 6. a3 c4 7. Qc2 Bd7 8. Be3 Na5
9. Nbd2 f5 10. exf6 Nxf6 11. Be2 Bd6 12. O-O O-O-O 13. Ne5 Nb3 14. Ndxc4 dxc4
15. Nxc4 Qc7 16. Nxd6+ Qxd6 17. Qxb3 h5 18. Qb4 Qc7 19. Qc4 Bc6 20. Bf3 h4 21.
Bxc6 bxc6 22. Qxe6+ Rd7 23. Qe5 Qb7 24. Bf4 h3 25. g3 Rh5 26. Qe2 Re7 27. Qf3
Rf5 28. g4 Rxf4 29. Qxf4 Re4 30. Qf5+ Kd8 31. f3 Qxb2 0-1

[Event "4NCL Online Division 4"]
[Site "online"]
[Date "2020.05.05"]
[Round "5.32"]
[White "Boland, Dylan"]
[Black "Spiller, Paul"]
[Result "0-1"]
[WhiteElo "1842"]
[BlackElo "1900"]
[PlyCount "100"]
[EventDate "2020.05.05"]
[WhiteTeam "St Benildus B"]
[BlackTeam "Clevedon"]

1. d4 f5 2. c4 Nf6 3. g3 e6 4. Bg2 d5 5. Nf3 c6 6. O-O Nbd7 7. Ng5 Nb8 8. Nc3
Be7 9. Nf3 O-O 10. Ne5 Nbd7 11. Nxd7 Bxd7 12. Qd3 Ne4 13. f3 Nxc3 14. bxc3 dxc4
15. Qxc4 c5 16. a4 cxd4 17. cxd4 Rc8 18. Qa2 Bb4 19. Be3 Qa5 20. f4 b6 21. d5
Rfe8 22. Rac1 Bc5 23. Bxc5 Rxc5 24. Rxc5 Qxc5+ 25. Kh1 Kh8 26. dxe6 Bxe6 27.
Qd2 a6 28. Rc1 Bc4 29. Qd7 Rf8 30. h4 b5 31. Kh2 Qa3 32. Rd1 Qxa4 33. Qe7 Rg8
34. Rd8 Qa2 35. h5 h6 36. Bf3 Rxd8 37. Qxd8+ Kh7 38. Qe8 Bf7 39. Qc8 Qe6 40.
Bb7 Qxe2+ 41. Kg1 Qd1+ 42. Kf2 Qd2+ 43. Kg1 Qd3 44. Kh2 a5 45. Qc7 Qe2+ 46. Kg1
Qd1+ 47. Kf2 Qd4+ 48. Kg2 Bd5+ 49. Bxd5 Qxd5+ 50. Kf2 Qd2+ 0-1

[Event "4NCL Online Division 4"]
[Site "online"]
[Date "2020.05.05"]
[Round "5.33"]
[White "Iles, Stuart P"]
[Black "Putar, Lara"]
[Result "1/2-1/2"]
[WhiteElo "1832"]
[BlackElo "1821"]
[PlyCount "52"]
[EventDate "2020.05.05"]
[WhiteTeam "Clevedon"]
[BlackTeam "St Benildus B"]

1. b4 d5 2. Bb2 Nf6 3. e3 g6 4. Nf3 Bg7 5. Be2 O-O 6. O-O a5 7. b5 c5 8. a4
Nbd7 9. d3 Qc7 10. Nbd2 b6 11. c4 e5 12. cxd5 Nxd5 13. Qb3 Bb7 14. Rac1 Nb4 15.
Nc4 Rad8 16. Rfd1 Rfe8 17. Ng5 Re7 18. Ne4 Bd5 19. Bf3 h6 20. Ned2 Be6 21. Qa3
f5 22. d4 e4 23. Be2 Qb8 24. Qa1 cxd4 25. Bxd4 Bxd4 26. Qxd4 Bf7 1/2-1/2

[Event "4NCL Online Division 4"]
[Site "online"]
[Date "2020.05.05"]
[Round "5.34"]
[White "Murray, Benjamin"]
[Black "Chindelevitch, Leonid"]
[Result "1-0"]
[WhiteElo "1746"]
[BlackElo "1810"]
[PlyCount "49"]
[EventDate "2020.05.05"]
[WhiteTeam "St Benildus B"]
[BlackTeam "Clevedon"]

1. e4 d5 2. exd5 Nf6 3. d4 Nxd5 4. Nf3 Bg4 5. Be2 Nc6 6. O-O g6 7. h3 Bf5 8. a3
Bg7 9. c4 Nb6 10. Be3 e5 11. d5 Ne7 12. Nc3 Qd7 13. g4 Bxg4 14. hxg4 Qxg4+ 15.
Kh1 Nxc4 16. Qa4+ c6 17. Qxc4 Qh3+ 18. Nh2 h5 19. d6 Nf5 20. d7+ Kf8 21. Bc5+
Kg8 22. Qxf7+ Kh7 23. Ne4 Kh6 24. Rg1 Nh4 25. Be3+ 1-0

[Event "4NCL Online Division 4"]
[Site "online"]
[Date "2020.05.05"]
[Round "5.41"]
[White "Hooker, Steve"]
[Black "Williams, Stephen M"]
[Result "0-1"]
[WhiteElo "1990"]
[BlackElo "1892"]
[PlyCount "42"]
[EventDate "2020.05.05"]
[WhiteTeam "Dorking"]
[BlackTeam "Downend 2"]

1. b3 e5 2. Bb2 Nc6 3. e3 g6 4. Bb5 Bg7 5. f4 Nge7 6. Nf3 f6 7. Nc3 O-O 8. Qe2
d5 9. Bxc6 Nxc6 10. fxe5 fxe5 11. e4 Bg4 12. Nxd5 Nd4 13. Bxd4 exd4 14. Qc4
Bxf3 15. gxf3 Qh4+ 16. Kd1 Kh8 17. c3 Rxf3 18. Re1 dxc3 19. dxc3 Rd8 20. Kc2 c6
21. Ne3 b5 0-1

[Event "4NCL Online Division 4"]
[Site "online"]
[Date "2020.05.05"]
[Round "5.42"]
[White "Burroughs, Adam"]
[Black "Collins, Anthony S"]
[Result "1-0"]
[WhiteElo "1847"]
[BlackElo "1716"]
[PlyCount "109"]
[EventDate "2020.05.05"]
[WhiteTeam "Downend 2"]
[BlackTeam "Dorking"]

1. e4 c6 2. d4 d5 3. exd5 cxd5 4. c4 Nf6 5. Nf3 Nc6 6. Nc3 e6 7. c5 b6 8. Bb5
Bd7 9. Bxc6 Bxc6 10. Ne5 Qc7 11. b4 bxc5 12. bxc5 Nd7 13. Nxc6 Qxc6 14. O-O Be7
15. Bf4 O-O 16. Re1 Rae8 17. Rc1 Nf6 18. h3 Rd8 19. Qb3 Nh5 20. Bh2 g6 21. Qb5
Qc8 22. Rb1 Bf6 23. Red1 Ng7 24. Rb4 h5 25. c6 Be7 26. Ra4 a6 27. Qb7 Bd6 28.
Rxa6 Bxh2+ 29. Kxh2 Nf5 30. Qxc8 Rxc8 31. Nb5 Ra8 32. Rxa8 Rxa8 33. c7 Ne7 34.
Rc1 Nc8 35. Rc6 Kf8 36. Rd6 Nxd6 37. Nxd6 Ke7 38. c8=Q Rxc8 39. Nxc8+ Kd7 40.
Nb6+ Kc6 41. Na4 Kb5 42. Nc3+ Kc4 43. Ne2 Kb4 44. Kg3 Ka3 45. Kf4 Kxa2 46. Ke5
Kb2 47. Kf6 Kc2 48. Kxf7 Kd3 49. Kxe6 Kxe2 50. f4 Kf2 51. g4 h4 52. f5 Kg3 53.
fxg6 Kxh3 54. g7 Kg2 55. g8=Q 1-0

[Event "4NCL Online Division 4"]
[Site "online"]
[Date "2020.05.05"]
[Round "5.43"]
[White "Davies, Will"]
[Black "Pickup, Ian R"]
[Result "1/2-1/2"]
[WhiteElo "1547"]
[BlackElo "1780"]
[PlyCount "70"]
[EventDate "2020.05.05"]
[WhiteTeam "Dorking"]
[BlackTeam "Downend 2"]

1. e4 c5 2. Nf3 d6 3. d4 cxd4 4. Nxd4 Nf6 5. Nc3 a6 6. Be3 e6 7. Qd2 Be7 8. f3
Bd7 9. O-O-O Nc6 10. g4 h6 11. Be2 b5 12. h4 b4 13. Nb1 Qa5 14. Nxc6 Bxc6 15.
g5 hxg5 16. hxg5 Rxh1 17. Rxh1 Nd7 18. Rh8+ Nf8 19. Qd4 Bb5 20. c4 bxc3 21.
Bxb5+ axb5 22. Nxc3 b4 23. Ne2 Rc8+ 24. Kb1 Qb5 25. Nc1 Bxg5 26. Qxg7 Rxc1+ 27.
Bxc1 Qd3+ 28. Ka1 Be7 29. Qg1 Qxf3 30. Qd4 Bf6 31. Rxf8+ Kxf8 32. Qxd6+ Be7 33.
Qc6 Qh1 34. Kb1 Kg7 35. Qc4 Qe1 1/2-1/2

[Event "4NCL Online Division 4"]
[Site "online"]
[Date "2020.05.05"]
[Round "5.44"]
[White "Benkhoucha, Samy"]
[Black "Sedgwick, Robert"]
[Result "1-0"]
[WhiteElo "1427"]
[BlackElo "1502"]
[PlyCount "77"]
[EventDate "2020.05.05"]
[WhiteTeam "Downend 2"]
[BlackTeam "Dorking"]

1. e4 d5 2. exd5 Nf6 3. c4 c6 4. Nc3 cxd5 5. cxd5 Nxd5 6. Bc4 Be6 7. Qf3 Nxc3
8. Bxe6 fxe6 9. Qxb7 Qd5 10. Qc8+ Kf7 11. Qxc3 Qxg2 12. Qf3+ Qxf3 13. Nxf3 g6
14. Ng5+ Kf6 15. Ne4+ Kf7 16. d3 Bg7 17. Ng5+ Kf6 18. Be3 Nc6 19. a3 Rad8 20.
Rd1 Nd4 21. b4 Nc2+ 22. Ke2 Nxe3 23. Ne4+ Kf7 24. fxe3 Rhf8 25. Ng5+ Kf6 26.
Nxh7+ Kf7 27. Nxf8 Kxf8 28. Rhf1+ Ke8 29. Rg1 Rc8 30. Rxg6 Rc2+ 31. Kf3 Bb2 32.
Rxe6 Bxa3 33. Rb1 Rxh2 34. Ra6 Rh3+ 35. Kg2 Rxe3 36. Rxa3 e5 37. Rxa7 e4 38.
dxe4 Rxe4 39. b5 1-0

[Event "4NCL Online Division 4"]
[Site "online"]
[Date "2020.05.05"]
[Round "5.51"]
[White "Retallick, Lloyd"]
[Black "Turner, Lewis A"]
[Result "1-0"]
[WhiteElo "2065"]
[BlackElo "1802"]
[PlyCount "111"]
[EventDate "2020.05.05"]
[WhiteTeam "East Cornwall Killers"]
[BlackTeam "Bristol Cabot Blackbeards"]

1. c4 e6 2. Nc3 b6 3. d4 Bb7 4. e4 Bb4 5. f3 Nh6 6. Nh3 Qf6 7. Be3 c5 8. a3
Bxc3+ 9. bxc3 d6 10. Bg5 Qg6 11. dxc5 f6 12. Bxh6 Qxh6 13. Qxd6 Qe3+ 14. Be2
Qxc3+ 15. Kf2 Qe5 16. Qxe5 fxe5 17. Rhb1 Nd7 18. cxb6 axb6 19. c5 Nxc5 20. Rxb6
O-O 21. Ke3 h6 22. Nf2 Ra7 23. Nd3 Nxd3 24. Bxd3 Bc8 25. a4 Ra5 26. Rb5 Ra7 27.
a5 Ba6 28. Rxe5 Bxd3 29. Kxd3 Kf7 30. Ra2 Ra6 31. Rb5 Rfa8 32. Ke3 Kf6 33. h4
R8a7 34. Kf4 Kf7 35. Ke5 Ke7 36. f4 Kf7 37. Kd4 Rc6 38. Ra3 Ke7 39. g3 Kf7 40.
Rc3 Rd7+ 41. Rd5 exd5 42. Rxc6 dxe4+ 43. Kxe4 Re7+ 44. Kd4 h5 45. a6 g6 46. Rb6
Re1 47. a7 Ra1 48. Rb7+ Ke6 49. Kc5 Kf5 50. Rg7 Kf6 51. Rc7 Kf5 52. Kb6 Kg4 53.
Rg7 Kxg3 54. Rxg6+ Kxf4 55. Kb7 Kf5 56. Ra6 1-0

[Event "4NCL Online Division 4"]
[Site "online"]
[Date "2020.05.05"]
[Round "5.52"]
[White "Marston, Alastair"]
[Black "Healey, Grant"]
[Result "1-0"]
[WhiteElo "1720"]
[BlackElo "1952"]
[PlyCount "77"]
[EventDate "2020.05.05"]
[WhiteTeam "Bristol Cabot Blackbeards"]
[BlackTeam "East Cornwall Killers"]

1. d4 d6 2. e4 g6 3. Nf3 Bg4 4. Nbd2 Bg7 5. h3 Bxf3 6. Nxf3 Nc6 7. d5 Ne5 8.
Nxe5 Bxe5 9. Bb5+ Kf8 10. f4 Bg7 11. Qe2 e5 12. O-O a6 13. Bc4 b5 14. Bb3 exf4
15. Rxf4 Ne7 16. c3 f5 17. Be3 Kg8 18. Rf3 Qd7 19. Bg5 h6 20. Bh4 Rf8 21. a4
Kh7 22. axb5 axb5 23. Bg3 g5 24. e5 dxe5 25. Bxe5 Ng6 26. Bxg7 Kxg7 27. Re3 Re8
28. Ra6 Nf4 29. Qd2 Rxe3 30. Qxe3 Re8 31. Qd4+ Kh7 32. Qf6 Re1+ 33. Kh2 c6 34.
Rxc6 Qg7 35. Qxf5+ Ng6 36. Bc2 Re2 37. Rxg6 Qe5+ 38. Qxe5 Rxe5 39. Rxg5+ 1-0

[Event "4NCL Online Division 4"]
[Site "online"]
[Date "2020.05.05"]
[Round "5.53"]
[White "Trudeau, Gary"]
[Black "Roberts, Mike"]
[Result "1-0"]
[WhiteElo "1870"]
[BlackElo "1450"]
[PlyCount "87"]
[EventDate "2020.05.05"]
[WhiteTeam "East Cornwall Killers"]
[BlackTeam "Bristol Cabot Blackbeards"]

1. e4 e5 2. Nf3 Nc6 3. Bb5 d6 4. O-O a6 5. Bxc6+ bxc6 6. d4 Bg4 7. dxe5 dxe5 8.
Qxd8+ Rxd8 9. Nxe5 Bd7 10. Be3 Nf6 11. Nd2 h6 12. f3 Bd6 13. Nec4 Be7 14. Bf4
Rc8 15. Nb3 c5 16. a4 O-O 17. Rfd1 Be6 18. Nbd2 Nh5 19. Be3 f5 20. exf5 Rxf5
21. g4 Rd5 22. gxh5 Rxh5 23. Ra3 Rd8 24. Re1 Rd7 25. Rd3 Rxd3 26. cxd3 Bd5 27.
Bf2 Rg5+ 28. Kf1 Bf6 29. Re8+ Kf7 30. Rc8 c6 31. Bh4 Rf5 32. Bxf6 Rxf6 33. Ke2
Rf4 34. Ra8 Rh4 35. Rxa6 Rxh2+ 36. Ke3 g5 37. Ne5+ Kg7 38. Nxc6 Rh3 39. Ne7
Bxf3 40. Nf5+ Kh7 41. Nxf3 g4 42. Rxh6+ Kg8 43. Rxh3 gxh3 44. a5 1-0

[Event "4NCL Online Division 4"]
[Site "online"]
[Date "2020.05.05"]
[Round "5.54"]
[White "Burnett, Philip"]
[Black "Hill, Michael"]
[Result "1/2-1/2"]
[WhiteElo "1390"]
[BlackElo "1727"]
[PlyCount "89"]
[EventDate "2020.05.05"]
[WhiteTeam "Bristol Cabot Blackbeards"]
[BlackTeam "East Cornwall Killers"]

1. d4 d5 2. Nf3 Nf6 3. e3 e6 4. Bd3 Nbd7 5. b3 Be7 6. Bb2 c5 7. Nbd2 a6 8. c4
dxc4 9. bxc4 O-O 10. O-O b6 11. Qc2 Bb7 12. Rfe1 Re8 13. Ng5 g6 14. Nge4 Bxe4
15. Bxe4 Ra7 16. Bd3 Nh5 17. Be2 Ng7 18. Ne4 f5 19. Nd2 Bf6 20. Nf3 cxd4 21.
Bxd4 Bxd4 22. Nxd4 Rc7 23. Rec1 Nc5 24. Nb3 Ne4 25. f3 Nc5 26. Rd1 Qe7 27. Rd4
Qf6 28. Rad1 Rcc8 29. Rd6 Rb8 30. Nxc5 bxc5 31. Rxa6 Rb2 32. Qd3 Qe5 33. a4
Reb8 34. Rd6 Ne8 35. Rd8 Rxd8 36. Qxd8 Qxe3+ 37. Kh1 Qxe2 38. Qxe8+ Kg7 39.
Rd7+ Kh6 40. Qf8+ Kg5 41. Qe7+ Kf4 42. Qh4+ Ke3 43. Qg5+ Kf2 44. Qg3+ Ke3 45.
Qg5+ 1/2-1/2

[Event "4NCL Online Division 4"]
[Site "online"]
[Date "2020.05.05"]
[Round "5.61"]
[White "Breed, Greg J"]
[Black "Craig, Andrew D"]
[Result "1/2-1/2"]
[WhiteElo "1825"]
[BlackElo "1780"]
[PlyCount "55"]
[EventDate "2020.05.05"]
[WhiteTeam "Hatch End A"]
[BlackTeam "Catford Cosmonauts 3"]

1. d4 f5 2. c4 Nf6 3. Nc3 e6 4. Nf3 Be7 5. e3 O-O 6. Bd3 d6 7. O-O Qe8 8. Qc2
Nc6 9. a3 Bd8 10. b4 Ne7 11. e4 Qh5 12. exf5 Nxf5 13. Bf4 Nxd4 14. Nxd4 e5 15.
Bg3 exd4 16. Ne2 Ng4 17. Nxd4 Bf6 18. Nb5 Bxa1 19. Rxa1 Bf5 20. Nxc7 Rac8 21.
Nb5 d5 22. Bxf5 Rxf5 23. Nd6 Rff8 24. Nxc8 Rxc8 25. Qe2 Rxc4 26. Qe6+ Kh8 27.
h3 Nf6 28. Re1 1/2-1/2